| 000 | 00637nac a22002531ca4500 | ||
|---|---|---|---|
| 001 | a987680631 | ||
| 008 | 170707s1985 gw |||| 000u eng d | ||
| 041 | _aeng | ||
| 245 | 0 | 4 | _aThe economic history of Eastern Europe 1919-1975 |
| 264 |
_aOxford : _bClarendon Press, _c1985 |
||
| 300 | _a3 Bände | ||
| 650 | 0 | _aWirtschaft | |
| 650 | 0 | _aWissenschaft | |
| 650 | 0 | _aOstblock | |
| 651 | 0 | _aOsteuropa | |
| 651 | 0 | _aOstmitteleuropa | |
| 651 | 0 | _aSüdosteuropa | |
| 700 | 1 |
_aKaser, M. C. _eHerausgeberIn |
|
| 700 | 1 |
_aRidice, E.A. _eHerausgeberIn |
|
| 942 | _cMG | ||
| 040 | _cRU-10907106 | ||
| 003 | RU-10907106 | ||
| 999 |
_c45484 _d45484 |
||